000 00686nam a2200289Ia 4500
005 20260324122120.0
008 008 260324s9999 xx 000 0 eng d
020 _a9780203370339
037 _aEBOOK
040 _aCRL
040 _beng
040 _cCRL
041 _2eng
041 _aeng
084 _qCRL
100 _aBenjamin J. Richardson
_91165175
245 0 _aFiduciary Law and Responsible Investing
245 0 _bIn Nature’s trust
260 _bTaylor and Francis
260 _c2013
365 _a
365 _b240
856 _uhttp://www.taylorfrancis.com/books/9780203370339
942 _cEBOOK
999 _c1757685
_d1757685